=LDR 00000nam 2200000 4500 =001 INLIS000000000047078 =005 20150722120914.0 =006 =007 =008 =020 ##$$a 978-602-241-513-8 =035 ##$$0010-071500000000048 =040 ##$$a Ind =082 ##$$a 510 =090 ##$$a 510 $b Suk =100 ##$$a Sukino =245 ##$$a Matematika untuk SMA/MA kelas X =260 ##$$a jakarta $b Erlsngga $c =300 ##$$a viii,350 hlm $c 23cm =850 ##$$a NBPDMAT =990 ##$$a 2090101111/BPAP-NTB/2015 =990 ##$$a 0001/BPAP-NTB/2015 =990 ##$$a 70287028 =990 ##$$a 01201807028 =990 ##$$a 2090101111/BPAP-NTB/2015 =990 ##$$a 0001/BPAP-NTB/2015